| 000 | 00868cam a22002651 4500 | ||
|---|---|---|---|
| 001 | 13687 | ||
| 003 | BD-RjUL | ||
| 005 | 20241215145352.0 | ||
| 008 | 140201s1948 nyua 001 0 eng | ||
| 035 | _a(BD-RjUL)13739 | ||
| 035 | _a(OCoLC)564696 | ||
| 040 |
_aDLC _cODaWU _dOCoLC _dDLC _dBD-RjUL _beng |
||
| 041 | _aeng | ||
| 082 |
_a 621.38132 _bMAH 1948 |
||
| 100 | 1 |
_aMarkus, John. _d1911- _942831 |
|
| 245 | 0 | 0 |
_aHandbook of industrial electronic circuits / _cby John Markus and Vin Zeluff. |
| 260 |
_aNew York : _bMcGraw-Hill Book Co., _cc1948. |
||
| 300 |
_axv, 272 p. : _bdiagrs. ; _c29 cm. |
||
| 500 | _aMost of the material is drawn from the magazine Electronics. | ||
| 504 | _aIncludes Index. | ||
| 650 | 0 |
_aElectronic circuits. _938587 |
|
| 650 | 0 |
_aVacuum-tube circuits. _927897 |
|
| 700 | 1 |
_aZeluff, Vin, _d1910- _ejoint author. _914681 |
|
| 942 |
_2ddc _cBK |
||
| 999 |
_c13687 _d13687 |
||